Martin Iđơn

Đã lưu trong:
Bibliografiske detaljer
Hovedforfatter: London, Jack
Format: Bog
Sprog:Undetermined
Udgivet: Thành phố Hồ Chí Minh Văn Nghệ 2000
Fag:
Tags: Tilføj Tag
Ingen Tags, Vær først til at tagge denne postø!
Thư viện lưu trữ: Trung tâm Học liệu Trường Đại học Cần Thơ
LEADER 00570nam a2200193Ia 4500
001 CTU_37950
008 210402s9999 xx 000 0 und d
082 |a 813.4 
082 |b L847 
100 |a London, Jack 
245 0 |a Martin Iđơn 
245 0 |c Jack London; Dịch giả Bùi Phụng 
260 |a Thành phố Hồ Chí Minh 
260 |b Văn Nghệ 
260 |c 2000 
650 |a American fiction,American literature 
650 |y 19th century,19th century 
904 |i Trọng Hải 
980 |a Trung tâm Học liệu Trường Đại học Cần Thơ